The futures of children / (Record no. 648)

MARC details
000 -LEADER
fixed length control field 01452cam a2200373 i 4500
005 - DATE AND TIME OF LATEST TRANSACTION
control field 20260322212028.0
008 - FIXED-LENGTH DATA ELEMENTS--GENERAL INFORMATION
fixed length control field data
010 ## - LIBRARY OF CONGRESS CONTROL NUMBER
LC control number 73021075
020 ## - INTERNATIONAL STANDARD BOOK NUMBER
International Standard Book Number 0875892485 :
Terms of availability {dollar}12.50
020 ## - INTERNATIONAL STANDARD BOOK NUMBER
International Standard Book Number 9780875892481 :
Terms of availability {dollar}12.50
040 ## - CATALOGING SOURCE
Original cataloging agency DLC
Transcribing agency DLC
Modifying agency MUQ
043 ## - GEOGRAPHIC AREA CODE
Geographic area code n-us---
049 ## - LOCAL HOLDINGS (OCLC)
Holding library YUSS
050 0# - LIBRARY OF CONGRESS CALL NUMBER
Classification number HQ773
Item number .H62
096 ## - LOCALLY ASSIGNED NLM-TYPE CALL NUMBER (OCLC)
Classification number WS 350 H652f 1975
001 - CONTROL NUMBER
control field data
100 1# - MAIN ENTRY--PERSONAL NAME
Personal name Hobbs, Nicholas.
245 14 - TITLE STATEMENT
Title The futures of children /
Statement of responsibility, etc. Nicholas Hobbs & Project on Classification of Exceptional Children.
250 ## - EDITION STATEMENT
Edition statement 1st ed.
260 ## - PUBLICATION, DISTRIBUTION, ETC.
Place of publication, distribution, etc. San Francisco :
Name of publisher, distributor, etc. Jossey-Bass Publishers,
Date of publication, distribution, etc. 1975.
300 ## - PHYSICAL DESCRIPTION
Extent xviii, 339 p. ;
Dimensions 24 cm.
440 #4 - SERIES STATEMENT/ADDED ENTRY--TITLE
Title The Jossey-Bass behavioral science series
500 ## - GENERAL NOTE
General note Half-title: The futures of children : categories, labels, and their consequences : report of the Project on Classification of Exceptional Children.
500 ## - GENERAL NOTE
General note Includes indexes.
504 ## - BIBLIOGRAPHY, ETC. NOTE
Bibliography, etc. note Bibliography: p. 301-323.
590 ## - LOCAL NOTE (RLIN)
Local note Bibliography: p. 301-323.
590 ## - LOCAL NOTE (RLIN)
Local note Half-title: The futures of children : categories, labels, and their consequences : report of the Project on Classification of Exceptional Children.
590 ## - LOCAL NOTE (RLIN)
Local note Includes indexes.
650 #0 - SUBJECT ADDED ENTRY--TOPICAL TERM
Topical term or geographic name entry element Problem children
Form subdivision Classification.
650 #0 - SUBJECT ADDED ENTRY--TOPICAL TERM
Topical term or geographic name entry element Problem children
General subdivision Research.
650 #0 - SUBJECT ADDED ENTRY--TOPICAL TERM
Topical term or geographic name entry element Children's rights
Geographic subdivision United States.
650 #0 - SUBJECT ADDED ENTRY--TOPICAL TERM
Topical term or geographic name entry element Children
General subdivision Research
-- Research
Geographic subdivision United States.
710 2# - ADDED ENTRY--CORPORATE NAME
Corporate name or jurisdiction name as entry element Project on Classification of Exceptional Children.
Holdings
Withdrawn status Lost status Damaged status Not for loan Home library Current library Shelving location Date acquired Total checkouts Full call number Barcode Date last seen Price effective from Koha item type
        Springfield Springfield General stacks 22/03/2026   HQ773 .H62 BC0010665 22/03/2026 22/03/2026 Books